La Réunion en images - Statistiques

Statistiques générales
  • Ce quiz a été pris 46 fois
  • Le résultat moyen est 13 sur 18
Statistiques - réponses
Par images Hint Réponse % Correct
Culture Vanille Bourbon
98%
Préfecture Saint-Denis
96%
Langue Créole réunionnais
93%
Volcan Piton de la Fournaise
93%
Oiseau Dodo
91%
Spécialité Rougail saucisse
91%
Point culminant Piton des Neiges
80%
Footballeur Dimitri Payet
78%
Ville Le Port
78%
Aviateur Roland Garros
72%
Cirque/commune Cirque de {Cilaos}
70%
Archipel Mascareignes
70%
Trail Diagonale des Fous
65%
Compagnie aérienne Air Austral
57%
Danse Séga
52%
Ecrivain Michel Houellebecq
33%
Ville L'Etang-Salé
28%
Film La Sirène du Mississippi
4%
Aucun quiz correspondant
Distribution des résultats
% des personnes avec chaque résultat
Percentile par nombre de réponses
Votre historique - résultats
Vous n’avez pas pris ce quiz